Catalog

Record Details

Catalog Search



Available copies

  • 1 of 1 copy available at LARL/NWRL Consortium.

Current holds

0 current holds with 1 total copy.

Show Only Available Copies
Location Call Number / Copy Notes Barcode Shelving Location Status Due Date
Warroad Public Library e CAR (Text) 35500005078306 Main Available -

Record details

  • ISBN: 9780448458519 (hc.)
  • ISBN: 0448458519 (hc.)
  • Physical Description: 31 p. : col. ill. ; 24cm.
  • Publisher: New York, N.Y., USA : Penguin Young Readers, 2012, c1995.

Content descriptions

Summary, etc.:
A lonely firefly goes out into the night searching ... Read More
Subject: Fireflies > Fiction.
Fireflies > Juvenile fiction.
Readers (Elementary)
LDR 01059cam a2200301Ia 4500
001143584
003LARL_NWRL_CONSORTIUM
00520120710151118.0
008120626r20121995nyua b 000 1 eng
020 . ‡a9780448458519 (hc.)
020 . ‡a0448458519 (hc.)
035 . ‡a(OCoLC)796804089
049 . ‡aNRGK
092 . ‡aER
1001 . ‡aCarle, Eric. ‡0(LARL_NWRL_CONSORTIUM)3951
24514. ‡aThe very lonely firefly / ‡cby Eric Carle.
260 . ‡aNew York, N.Y., USA : ‡bPenguin Young Readers, ‡c2012, c1995.
300 . ‡a31 p. : ‡bcol. ill. ; ‡c24cm.
4900 . ‡aPenguin young readers. Level 2
520 . ‡aA lonely firefly goes out into the night searching for other fireflies.
650 1. ‡aFireflies ‡xFiction.
650 0. ‡aFireflies ‡xJuvenile fiction.
650 0. ‡aReaders (Elementary) ‡0(LARL_NWRL_CONSORTIUM)29451
901 . ‡a143584 ‡bOCLC ‡c143584 ‡tbiblio

Additional Resources